Racionalizace práce v knihovnách

Bibliographic Details
Format: Book
Language:Undetermined
PhysicalDescription:80 s.
Published: Praha Státní knihovna ČSR 1973

MARC

LEADER 00000nam a2200000 a 4500
001 vtls001430669
003 SK-MaSNL
005 20260224113216.0
008 210928s1973 xx 0 und
035 |a SNK000385697 
040 |a SNK  |b slo  |c SNK  |e AACR2 
245 1 |a Racionalizace práce v knihovnách 
260 |a Praha  |b Státní knihovna ČSR  |c 1973 
300 |a 80 s. 
958 |a OND 
999 |c 985709  |d 987639 
952 |t P60, <04>, [BOOK], {604}  |a SNK  |b SNK  |y VYP  |7 0  |p 17A0335179  |o snkID 61491  |i snkKIP 2071/74  |0 0  |1 0  |4 0  |d 2002-03-08  |l 0  |r 2005-01-02 00:00:00  |w 2026-02-24